000 00865nam a2200253Ia 4500
003 OSt
005 20260114143153.0
008 210716s2010 xx 000 0 und d
020 _a9788126528103
040 _cAIMIT LIBRARY
041 _aeng
082 _a621.3991
_bWINC
100 _aWindom, Charles A.
_9251235
245 _aVirtualizing microsoft tier 1 applications with vmware vsphere 4 /
_cBy Charles A. Windom, Hemant Gaidhani and Alex Fontana.
250 _a1st ed.
260 _aNew Delhi :
_bWiley India Pvt Ltd ,
_c2010.
300 _axxi,504 p.;
_bPB
_c24.5 cm.
650 _aVmware vsphere 4 overview
_9251236
650 _aVirtualizing microsoft server applications
_9251237
650 _aVirtualizing active directory
_9251238
700 _aGaidhani, Hemant.
_9251239
700 _aFontana, Alex.
_9251240
942 _2ddc
_cBK
_k621.3991 WINC
999 _c194556
_d194556